Premier League Nicknames Quiz Stats

 Plays Quiz Updated Jul 6, 2021

     
Support Sporcle.
Go Orange.
Score 0/20 Timer 06:00
18 Plays Today
Team Nickname % Correct
ArsenalGunners
96.6%
Manchester UnitedRed Devils
88.7%
ChelseaBlues
85.1%
Tottenham HotspurSpurs or Lilywhites
84.8%
LiverpoolReds
81.7%
West Ham UnitedHammers
81.5%
Leicester CityFoxes
71.8%
EvertonToffees
68%
Newcastle UnitedMagpies
65.5%
Leeds UnitedUnited or Whites
64.7%
Team Nickname % Correct
Manchester CityCitizens
62.9%
Brighton & Hove AlbionSeagulls
61.5%
SouthamptonSaints
61.2%
Wolverhampton WanderersWolves
58.5%
Crystal PalaceEagles
58.2%
BrentfordBees
56.9%
Aston VillaLions
56.9%
BurnleyClarets
50.5%
Norwich CityCanaries
48.4%
WatfordHornets
42.2%

From the Vault

Monopoly Community Chest Cards

by sproutcm

Gaming 7m
100% on a Sporcle Quiz. Collect $72.
Remove Ads.
Support Sporcle.
Get the best of Sporcle when you Go Orange. This ad-free experience offers more features, more stats, and more fun while also helping to support Sporcle. Thank you for becoming a member.

Show Comments

Extras

Top Quizzes Today


Score Distribution

Your Account Isn't Verified!

In order to create a playlist on Sporcle, you need to verify the email address you used during registration. Go to your Sporcle Settings to finish the process.

Report this User

Report this user for behavior that violates our Community Guidelines.

Details: